| 000 | 00762nam a22002057a 4500 | ||
|---|---|---|---|
| 999 |
_c17144 _d17144 |
||
| 003 | AR-CdUCM | ||
| 008 | 190507b ||||| |||| 00| 0 spa d | ||
| 040 |
_aMUNICIPALIDAD PROVINCIAL DEL CUSCO _cBIBLIOTECA MUNICIPAL DEL CUSCO |
||
| 082 |
_a330 / _bM26 |
||
| 100 |
_aMarx, Carlos. _92702 |
||
| 245 | _aEl método en la economía política / | ||
| 260 |
_aMéxico : _bGrijalbo, _c1971. |
||
| 300 |
_a158 páginas ; _c19 cm. |
||
| 440 |
_aColección 70. _n100. _937000 |
||
| 505 | _aContenido :Fundamentos de la critica de la economía política -- La producción -- El dinero -- El capital -- El método en la economía política ... | ||
| 650 |
_aEconomía política. _91408 |
||
| 650 |
_aSocialismo. _91037 |
||
| 942 |
_2ddc _cLIBROS |
||
| 945 |
_arum _d2019-05-07 |
||